000
00221nam a22000857a 4500
008
160917b xxu||||| |||| 00| 0 eng d
100
_9
650
_a
Misra.M
245
_a
Social Science CC-6
260
_a
New delhi
_b
APC Publications
_c
2011
999
_c
3307
_d
3307